| 000 | 03364nam a22003733i 4500 | ||
|---|---|---|---|
| 001 | EBC7415381 | ||
| 003 | MiAaPQ | ||
| 005 | 20250827173536.0 | ||
| 007 | cr cnu|||||||| | ||
| 008 | 250827s2024 xx o ||||0 ger d | ||
| 020 |
_a9783406813634 _q(electronic bk.) |
||
| 020 | _z9783406813641 | ||
| 040 |
_aMiAaPQ _beng _cMiAaPQ |
||
| 100 | 1 |
_aReinhardt, Volker. _93629 |
|
| 245 | 1 | 4 |
_aDer nach den Sternen griff : _bGiordano Bruno - Ein ketzerisches Leben. |
| 250 | _a1st ed. | ||
| 264 | 1 |
_aMünchen : _bC.H. Beck, _c2024. |
|
| 264 | 4 | _c{copy}2024. | |
| 300 | _a1 online resource (353 pages) | ||
| 336 |
_aText _btxt _2rdacontent |
||
| 337 |
_aComputermedien _bc _2rdamedia |
||
| 338 |
_aOnline Resource _bcr _2rdacarrier |
||
| 500 | _aE-Book-ProQuest / Fernzugriff nach Registrierung möglich | ||
| 505 | 0 | _aCover -- Titel -- Impressum -- Inhalt -- Einleitung -- Die Entgrenzung der Welt -- Erstes Kapitel -- Kindheit und Lehrzeit am Fusse des Vesuvs 1548-1576 -- Melonengärten und Familienbande -- Ausbildung im Kloster und erste Rebellion -- Die vulkanische Stadt und die Grenzen der Reform -- Lehrjahre in turbulenten Zeiten -- Zweifel und Zusammenstöße -- Der Austritt aus dem Orden -- Zweites Kapitel -- Auf der Suche Nach Gedankenfreiheit 1576-1583 -- Am Wendepunkt -- Widerspruch und Demütigung in Genf -- Professor in Toulouse und Paris -- «Kerzenmacher»: Vorspiele, Verwirrspiele -- «Kerzenmacher»: Neapel auf der Bühne -- Philosophie des Spotts -- Der bizarre König und die Kunst des Gedächtnisses -- Drittes Kapitel -- In England: Literat Unter Aristokraten 1583-1585 -- Skandal in Oxford -- Unter Aristokraten, für Aristokraten -- Nach den Sternen greifen -- Die Erde als lebendiger Organismus -- Das Eine in allem: Weltseele, Materie und Form -- «Vertreibung der triumphierenden Bestie» -- Kritik der Religionen -- Eseleien und heroische Leidenschaften -- Viertes Kapitel -- Ein Abstieg: Paris - Wittenberg - Prag - Helmstedt 1585-1590 -- Paris, zum Zweiten: Tumulte und Vertreibung -- An deutschen Universitäten -- Im Zentrum des Luthertums -- Beim Kaiser in Prag -- Fürstenlob in Helmstedt -- Thesen zur Magie -- Fünftes Kapitel -- Irrfahrt in den Kerker 1590-1592 -- Als Meister geheimer Künste in Frankfurt und Zürich -- Padua, Venedig und vier Traktate für Eingeweihte -- Ziele der Serenissima, Illusionen des Nolaners -- Der Denunziant: Porträt eines Enttäuschten -- Sechstes Kapitel -- In den Kerkern der Inquisition 1592-1600 -- Das Gericht und der Papst -- Der Philosoph im Verhör -- Der Prozess und die große Politik -- Der römische Prozess: Quellen und Institutionen -- Neue Zeugen, neue Verhöre -- Stillstand und Neuanfang -- Der Weg zum Scheiterhaufen. | |
| 505 | 8 | _aEpilog -- Das Nachleben Eines Grossen Unzeitgemässen -- Anhang -- Karte -- Zeittafel -- Anmerkungen -- Quellen und Literatur -- Bild- und Kartennachweis -- Personenregister -- Zum Buch. | |
| 653 | _aGerman literature-History and criticism. | ||
| 655 |
_aFernzugriff _9230 |
||
| 655 | 4 | _aElectronic books. | |
| 776 | 0 | 8 |
_iPrint version: _aReinhardt, Volker _tDer nach den Sternen griff _dMünchen : C.H. Beck,c2024 _z9783406813641 |
| 856 | 4 | 0 |
_uhttps://ebookcentral.proquest.com/lib/maxweberstiftung-ebooks/detail.action?docID=7415381 _zVolltext |
| 942 | _cEB | ||
| 999 |
_c72732 _d72732 |
||